[Event "FINAL MISTRZOSTW POLSKI JUNIOROW 2018 - GRUPA  C16"]
[Site "Jastrzebia Gora"]
[Date "1899-12-30"]
[Round "7.15"]
[White "Poziomkowski, Szymon"]
[Black "Rogala, Milosz"]
[Result "1/2-1/2"]
[WhiteTitle "I"]
[BlackTitle "II"]
[WhiteElo "1923"]
[BlackElo "1749"]

1. e4 e5 2. Nf3 Nc6 3. Nc3 Nf6 4. d4 exd4 5. Nxd4 Bb4 6. Nxc6 bxc6 7. Bd3 d5 8.
exd5 cxd5 9. O-O O-O 10. Bg5 c6 11. Qf3 h6 12. Bxf6 Qxf6 13. Qxf6 gxf6 14. Ne2
Bd6 15. c4 Ba6 16. Rac1 c5 17. Rfd1 Rab8 18. b3 d4 19. Ng3 Bxg3 20. hxg3 Rfe8
21. Kh2 Bc8 22. Re1 Bg4 23. Kg1 Bh5 24. f3 Bg6 25. Bf1 a5 26. Kf2 Kf8 27. Rxe8+
Kxe8 28. Be2 Kd7 29. f4 a4 30. Bd1 Be4 31. g4 axb3 32. Bxb3 Kd6 33. Rh1 Rh8 34.
Rh5 Rg8 35. Rxh6 Rxg4 36. g3 Rg6 37. Rh8 Kc7 38. Bd1 f5 39. Rh7 Rf6 40. Bh5 Rb6
41. Rxf7+ Kb8 42. g4 fxg4 43. Bxg4 Rb4 44. Be6 Bd3 45. f5 Bxc4 46. Bxc4 Rxc4 47.
f6 d3 48. Rd7 Rf4+ 49. Ke3 Rxf6 50. Kxd3 Ra6 1/2-1/2

[Event "FINAL MISTRZOSTW POLSKI JUNIOROW 2018 - GRUPA  C16"]
[Site "Jastrzebia Gora"]
[Date "1899-12-30"]
[Round "7.16"]
[White "Ossolinski, Ziemowit"]
[Black "Strzelecki, Maciej"]
[Result "1/2-1/2"]
[WhiteTitle "I"]
[BlackTitle "I"]
[WhiteElo "1858"]
[BlackElo "1952"]

1. e4 c5 2. Nf3 d6 3. d4 cxd4 4. Nxd4 Nf6 5. Nc3 a6 6. h4 Nc6 7. Be2 e5 8. Nb3
Be7 9. Bg5 Be6 10. Qd2 b5 11. Bxf6 Bxf6 12. g3 Rc8 13. Nd5 O-O 14. a4 Bxd5 15.
exd5 Nd4 16. Nxd4 exd4 17. O-O Rc5 18. Bf3 Qc8 19. Be4 Qg4 20. Qd3 g6 21. axb5
axb5 22. Ra3 Re8 23. Bf3 Qc8 24. Be4 Qg4 25. Bf3 Qc8 26. Be4 Qh3 27. Rfa1 Qg4
28. Bf3 Qc8 29. Be4 Qg4 30. Bf3 Qc8 31. Be4 Qg4 32. Bf3 1/2-1/2

[Event "FINAL MISTRZOSTW POLSKI JUNIOROW 2018 - GRUPA  C16"]
[Site "Jastrzebia Gora"]
[Date "1899-12-30"]
[Round "7.17"]
[White "Paliwoda, Borys"]
[Black "Kukorowski, Jan"]
[Result "1-0"]
[WhiteTitle "I"]
[BlackTitle "I"]
[WhiteElo "1912"]
[BlackElo "1699"]

1. d4 e6 2. c4 f5 3. Nc3 Nf6 4. e3 d5 5. Bd3 c6 6. Nge2 Bd6 7. f3 O-O 8. Qc2 dxc4
9. Bxc4 Kh8 10. O-O Qc7 11. g3 c5 12. Nb5 Qb6 13. Nxd6 Qxd6 14. b3 cxd4 15. Nxd4
Nc6 16. Nxc6 Qxc6 17. Qe2 a6 18. a4 b6 19. Ba3 Re8 20. Rac1 Qb7 21. Bd6 Bd7 22.
Be5 b5 23. axb5 axb5 24. Bd3 Nd5 25. Qb2 Bc6 26. Bxg7+ Qxg7 27. Qxg7+ Kxg7 28.
Rxc6 Nb4 29. Rc7+ Kg6 30. Bxb5 Reb8 31. Bc4 Rb6 32. g4 Ra2 33. Rf2 Ra1+ 34. Kg2
Rd6 35. Re7 fxg4 36. fxg4 Nd5 37. Bd3+ Kg5 38. Rg7+ Kh4 39. Rxh7+ Kxg4 40. h3+
Kg5 41. h4+ 1-0

[Event "FINAL MISTRZOSTW POLSKI JUNIOROW 2018 - GRUPA  C16"]
[Site "Jastrzebia Gora"]
[Date "1899-12-30"]
[Round "7.18"]
[White "Dzwierzynski, Bartosz"]
[Black "Iwanczuk, Krzysztof"]
[Result "1-0"]
[WhiteTitle "I"]
[BlackTitle "II+"]
[WhiteElo "1828"]
[BlackElo "1655"]

1. d4 Nf6 2. Nf3 g6 3. c4 Bg7 4. Nc3 O-O 5. e4 d6 6. Be2 e5 7. O-O Nc6 8. d5 Ne7
9. b4 Nd7 10. Re1 a5 11. Ba3 axb4 12. Bxb4 b6 13. a4 Nc5 14. a5 Bd7 15. axb6 cxb6
16. Nd2 f5 17. f3 g5 18. Nb5 Bxb5 19. cxb5 Qc7 20. Qc2 Rac8 21. Rec1 Qd7 22. Qa2
fxe4 23. fxe4 Ng6 24. Bxc5 bxc5 25. Qb3 Nf4 26. Bf1 g4 27. Nc4 Qf7 28. Nxd6 Nh3+
29. gxh3 Qf2+ 30. Kh1 Bh6 31. Rc2 Bd2 32. Rd1 c4 33. Qg3 Qc5 34. Rxc4 Qxd6 35.
Rxc8 Rxc8 36. Qxg4+ Qg6 37. Qxc8+ Kf7 38. Qf5+ 1-0

[Event "FINAL MISTRZOSTW POLSKI JUNIOROW 2018 - GRUPA  C16"]
[Site "Jastrzebia Gora"]
[Date "1899-12-30"]
[Round "8.1"]
[White "Kosakowski, Jakub"]
[Black "Pacan-milej, Kosma"]
[Result "1-0"]
[WhiteTitle "FM"]
[BlackTitle "FM"]
[WhiteElo "2301"]
[BlackElo "2265"]

1. e4 d6 2. d4 Nf6 3. Nc3 e5 4. Nf3 Nbd7 5. Bc4 Be7 6. a4 O-O 7. O-O a5 8. Re1
b6 9. h3 Bb7 10. Ba2 Re8 11. Qd3 exd4 12. Nxd4 Bf8 13. Bg5 h6 14. Bh4 g5 15. Bg3
Nc5 16. Qc4 Qd7 17. e5 d5 18. Qb5 c6 19. Qe2 Nfe4 20. Nxe4 Nxe4 21. Bh2 Bg7 22.
Rad1 Re7 23. Qh5 Nc5 24. f4 Rae8 25. Rf1 gxf4 26. Bxf4 Bc8 27. c3 Ne4 28. Bb1
Bxe5 29. Bxh6 Qd6 30. Bxe4 dxe4 31. Nf5 Qc5+ 32. Be3 Qc4 33. Nxe7+ 1-0

[Event "FINAL MISTRZOSTW POLSKI JUNIOROW 2018 - GRUPA  C16"]
[Site "Jastrzebia Gora"]
[Date "1899-12-30"]
[Round "8.2"]
[White "Psyk, Radoslaw"]
[Black "Teclaf, Pawel"]
[Result "1/2-1/2"]
[WhiteTitle "k++"]
[BlackTitle "CM"]
[WhiteElo "2313"]
[BlackElo "2386"]

1. e4 g6 2. Nc3 Bg7 3. Bc4 d6 4. d4 Nf6 5. Nf3 c6 6. O-O d5 7. Bd3 dxe4 8. Nxe4
Nxe4 9. Bxe4 Nd7 10. c3 O-O 11. Re1 Qc7 12. Bc2 e5 13. dxe5 Nxe5 14. Nxe5 Bxe5
15. Bh6 Rd8 16. Qf3 Be6 17. h4 Bd5 18. Qg4 Be6 19. Qf3 Bd5 20. Qg4 Be6 21. Qf3
Bd5 1/2-1/2

[Event "FINAL MISTRZOSTW POLSKI JUNIOROW 2018 - GRUPA  C16"]
[Site "Jastrzebia Gora"]
[Date "1899-12-30"]
[Round "8.3"]
[White "Mis, Mieszko"]
[Black "Szpar, Milosz"]
[Result "1/2-1/2"]
[WhiteTitle "FM"]
[BlackTitle "FM"]
[WhiteElo "2306"]
[BlackElo "2376"]

1. e4 e5 2. Nc3 Bc5 3. Na4 Bxf2+ 4. Kxf2 Qh4+ 5. Ke3 Qf4+ 6. Kd3 d5 7. Kc3 Qxe4
8. Kb3 Na6 9. a3 Qxa4+ 10. Kxa4 Nc5+ 11. Kb5 a5 12. b4 Ne7 13. bxa5 Rxa5+ 14.
Kxa5 Nc6+ 15. Kb5 Na6 16. Bb2 Bd7 17. Qg4 Bxg4 18. c4 d4 19. c5 Be6 20. Nf3 f6
21. Bxd4 Bb3 22. Bxe5 Na7+ 23. Ka5 Nc6+ 24. Kb5 Na7+ 25. Ka5 Nc6+ 26. Kb5 1/2-1/2

[Event "FINAL MISTRZOSTW POLSKI JUNIOROW 2018 - GRUPA  C16"]
[Site "Jastrzebia Gora"]
[Date "1899-12-30"]
[Round "8.4"]
[White "Godzwon, Iwo"]
[Black "Fus, Jakub"]
[Result "1/2-1/2"]
[WhiteTitle "k"]
[BlackTitle "I++"]
[WhiteElo "2222"]
[BlackElo "2194"]

1. e4 e5 2. Nf3 Nc6 3. Bb5 a6 4. Ba4 Nf6 5. O-O Be7 6. Re1 b5 7. Bb3 O-O 8. c3
d6 9. h3 Nb8 10. d4 Nbd7 11. c4 c6 12. a3 bxc4 13. Bxc4 Nxe4 14. dxe5 d5 15. Ba2
Ndc5 16. Nc3 a5 17. Qc2 Nxc3 18. bxc3 g6 19. Nd4 Qd7 20. Be3 Ne6 21. c4 Nxd4 22.
Bxd4 c5 23. Be3 d4 24. Bf4 Qc6 25. Qd3 Bf5 26. Qd1 Rfb8 27. Bb1 Qe6 28. Bxf5 Qxf5
29. Bg3 Rb2 30. Qa4 h5 31. e6 h4 32. Qc6 Rf8 33. exf7+ Qxf7 34. Rxe7 Qxe7 35.
Qxg6+ Qg7 36. Qe6+ Qf7 37. Qg4+ Qg7 38. Qe6+ Qf7 39. Qg4+ Qg7 40. Qe6+ Qf7 41.
Qg4+ Qg7 42. Qe6+ 1/2-1/2

[Event "FINAL MISTRZOSTW POLSKI JUNIOROW 2018 - GRUPA  C16"]
[Site "Jastrzebia Gora"]
[Date "1899-12-30"]
[Round "8.5"]
[White "Kokoszczynski, Jan"]
[Black "Lis, Mateusz"]
[Result "1/2-1/2"]
[WhiteTitle "k"]
[BlackTitle "k"]
[WhiteElo "2108"]
[BlackElo "2132"]

1. d4 d5 2. c4 e6 3. Nc3 Nf6 4. cxd5 exd5 5. Bg5 Nbd7 6. e3 Bb4 7. Nf3 c5 8. Bb5
Bxc3+ 9. bxc3 Qa5 10. Bxd7+ Bxd7 11. Bxf6 Qxc3+ 12. Nd2 gxf6 13. Rc1 Qd3 14. Rxc5
Rg8 15. Rxd5 Bc6 16. Rc5 Rxg2 17. Rxc6 bxc6 18. Qf3 Rg8 19. Qxc6+ Ke7 20. Qc7+
Ke6 21. Qc6+ Ke7 22. Qc7+ Ke6 23. Qc6+ Ke7 24. Qc7+ Ke6 25. Qc6+ Ke7 26. Qc7+
1/2-1/2

[Event "FINAL MISTRZOSTW POLSKI JUNIOROW 2018 - GRUPA  C16"]
[Site "Jastrzebia Gora"]
[Date "1899-12-30"]
[Round "8.6"]
[White "Kozak, Antoni"]
[Black "Pytel, Maciej"]
[Result "0-1"]
[WhiteTitle "k"]
[BlackTitle "I+"]
[WhiteElo "2148"]
[BlackElo "2037"]

1. e4 c5 2. Nf3 e6 3. d4 cxd4 4. Nxd4 Nc6 5. Nc3 Qc7 6. g3 a6 7. Bg2 Nf6 8. Nb3
Be7 9. a4 O-O 10. O-O d6 11. h3 Bd7 12. g4 h6 13. f4 Rac8 14. Be3 Rfe8 15. a5
Bf8 16. h4 Qb8 17. Qf3 Nh7 18. h5 e5 19. f5 Nb4 20. Rac1 Be7 21. Rfd1 Bg5 22.
Rd2 Red8 23. Bf1 Bc6 24. Nd5 Nxd5 25. exd5 Ba4 26. Na1 Bxe3+ 27. Qxe3 Qc7 28.
b3 Bd7 29. b4 Qc3 30. Qxc3 Rxc3 31. Be2 Rdc8 32. Rb1 Nf6 33. Kg2 Bb5 34. Kf1 Nxg4
35. Ke1 Ne3 36. Bxb5 axb5 37. Rb3 Rxb3 38. Nxb3 Rxc2 39. Rd3 Nxf5 40. Nd2 Rb2
41. Rc3 Rxb4 42. Rc8+ Kh7 43. Rc7 Ra4 44. Rxf7 Ne3 45. Rxb7 Rxa5 46. Ne4 Nxd5
47. Nxd6 Nf6 48. Ke2 Nxh5 49. Kf3 Nf6 50. Nf5 Ra3+ 51. Kg2 Nh5 52. Rxb5 e4 53.
Rb4 Ra2+ 54. Kh3 Rf2 0-1

[Event "FINAL MISTRZOSTW POLSKI JUNIOROW 2018 - GRUPA  C16"]
[Site "Jastrzebia Gora"]
[Date "1899-12-30"]
[Round "8.7"]
[White "Wierzbicki, Michal"]
[Black "Polczyk, Mikolaj"]
[Result "1-0"]
[WhiteTitle "I"]
[BlackTitle "I+"]
[WhiteElo "1867"]
[BlackElo "2051"]

1. d4 Nf6 2. Nf3 g6 3. Bg5 Bg7 4. Nbd2 d5 5. e3 O-O 6. c3 c6 7. Bd3 Nbd7 8. O-O
h6 9. Bh4 Re8 10. Re1 c5 11. Bc2 b6 12. dxc5 Nxc5 13. Bxf6 Bxf6 14. e4 dxe4 15.
Nxe4 Nxe4 16. Bxe4 Rb8 17. Qe2 Bb7 18. Rad1 Qc7 19. Bxb7 Qxb7 20. Qd2 Kg7 21.
Ne5 Qc7 22. Ng4 Bg5 23. Qd4+ Kg8 24. Qd7 Qxd7 25. Rxd7 h5 26. Ne5 Rbc8 27. Rxa7
Red8 28. Rd7 Bf6 29. Red1 Re8 30. f4 Bxe5 31. fxe5 Rc5 32. R1d5 Rxd5 33. Rxd5
f5 34. exf6 exf6 35. Rd6 b5 36. Rxf6 Re2 37. Rxg6+ Kf7 38. Rg5 Rxb2 39. Rxh5 Kg6
40. Rc5 Kf6 41. h4 1-0

[Event "FINAL MISTRZOSTW POLSKI JUNIOROW 2018 - GRUPA  C16"]
[Site "Jastrzebia Gora"]
[Date "1899-12-30"]
[Round "8.8"]
[White "Piekielny, Pawel"]
[Black "Pniaczek, Marek"]
[Result "1-0"]
[WhiteTitle "I"]
[BlackTitle "CM"]
[WhiteElo "1787"]
[BlackElo "2239"]

1. e4 e5 2. Nf3 Nc6 3. Bb5 a6 4. Ba4 g6 5. O-O Bg7 6. c3 Nge7 7. d4 exd4 8. cxd4
b5 9. Bb3 d6 10. d5 Na5 11. Bc2 Bg4 12. h3 Bxf3 13. Qxf3 O-O 14. Nc3 Nc4 15. Rb1
Nc8 16. b3 Ne5 17. Qg3 Qe7 18. Bb2 Nb6 19. Ne2 Rae8 20. Nd4 f6 21. Ne6 Rf7 22.
f4 Ned7 23. Rbe1 Bh8 24. h4 Nf8 25. Nd4 Qd7 26. Nf5 Bg7 27. Nxg7 Kxg7 28. f5 Re5
29. fxg6 hxg6 30. Bxe5 dxe5 31. h5 g5 32. Bd1 Qd6 33. Bg4 Nfd7 34. Be6 Rf8 35.
Rc1 Nc5 36. h6+ Kxh6 37. Bf5 Rf7 38. Qh3+ Kg7 39. Qh7+ Kf8 40. Qh8+ Ke7 41. Bg6
Rf8 42. Qg7+ Kd8 43. b4 Ncd7 44. Rc6 Qxb4 45. Rfc1 Nxd5 46. Bf5 Qd4+ 47. Kh1 Ne7
48. Bxd7 Nxc6 49. Rxc6 Qb4 50. Bf5 Qe7 51. Rxc7 Rh8+ 52. Kg1 Qxc7 53. Qxh8+ Ke7
54. Qg7+ Kd6 55. Qxf6+ Kc5 56. Qxa6 Kb4 57. a3+ Kb3 58. Be6+ Kb2 59. Qxb5+ Ka1
60. Qb3 Qc1+ 61. Kh2 Qf4+ 62. Qg3 Qxe4 63. Qc3+ Kb1 64. Qb4+ 1-0

[Event "FINAL MISTRZOSTW POLSKI JUNIOROW 2018 - GRUPA  C16"]
[Site "Jastrzebia Gora"]
[Date "1899-12-30"]
[Round "8.9"]
[White "Szczurek, Krzysztof"]
[Black "Golecki, Jan"]
[Result "1/2-1/2"]
[WhiteTitle "FM"]
[BlackTitle "I++"]
[WhiteElo "2089"]
[BlackElo "1850"]

1. b3 e5 2. Bb2 Nc6 3. g3 Nf6 4. Bg2 d6 5. Nf3 Be7 6. O-O Bg4 7. d4 Bxf3 8. Bxf3
exd4 9. Bxd4 Nxd4 10. Qxd4 c6 11. c4 Qb6 12. Qd3 O-O 13. Nc3 Nd7 14. Bg2 Nc5 15.
Qc2 a5 16. Rab1 Rfe8 17. a3 Bf6 18. e3 Bxc3 19. Qxc3 Rad8 20. Rfd1 Ne4 21. Bxe4
Rxe4 22. Rd3 Qc5 23. f3 Re6 24. b4 Qh5 25. e4 f5 26. bxa5 fxe4 27. Rxb7 Rf6 28.
Rd2 exf3 29. Rf2 Ra8 30. a6 Rxa6 31. Rb8+ Kf7 32. Rb7+ Kg8 33. Rb8+ Kf7 34. Rb7+
Kg8 35. Rb8+ Kf7 1/2-1/2

[Event "FINAL MISTRZOSTW POLSKI JUNIOROW 2018 - GRUPA  C16"]
[Site "Jastrzebia Gora"]
[Date "1899-12-30"]
[Round "8.10"]
[White "Galuszka, Tomasz"]
[Black "Warchol, Bartosz"]
[Result "1/2-1/2"]
[WhiteTitle "I+"]
[BlackTitle "I++"]
[WhiteElo "2038"]
[BlackElo "1969"]

1. e4 c5 2. Nf3 d6 3. g3 Nc6 4. Bg2 g6 5. O-O Bg7 6. d3 e5 7. Nc3 Nge7 8. Nd2 Be6
9. Nc4 O-O 10. Ne3 Qd7 11. a4 Nb4 12. Ncd5 Nbxd5 13. Nxd5 Nxd5 14. exd5 Bh3 15.
c3 Bxg2 16. Kxg2 Rae8 17. f3 f5 18. Bd2 e4 19. fxe4 fxe4 20. Rxf8+ Bxf8 21. dxe4
Rxe4 22. Qf3 Qe8 23. Rf1 Re2+ 24. Rf2 Rxf2+ 25. Kxf2 Qxa4 26. Qf6 Qe4 27. c4 Be7
28. Qf4 Qxf4+ 29. Bxf4 Kf7 30. g4 h5 31. g5 a6 32. Ke2 b5 33. Kd3 Ke8 34. b3 Kd7
35. h3 Bf8 36. Bd2 Bg7 37. Be1 Be5 38. h4 Kc7 39. Kc2 Kb6 40. Bf2 a5 41. Kd3 Ka6
42. Be1 Bh2 43. Kc3 Be5+ 44. Kd3 Bh2 45. Kc3 Bf4 46. Kd3 Be5 47. Bf2 a4 48. bxa4
bxa4 49. Kc2 Ka5 50. Be1+ Kb6 51. Bf2 Ka5 52. Be1+ Kb6 53. Bf2 1/2-1/2

[Event "FINAL MISTRZOSTW POLSKI JUNIOROW 2018 - GRUPA  C16"]
[Site "Jastrzebia Gora"]
[Date "1899-12-30"]
[Round "8.11"]
[White "Kopaczewski, Adam"]
[Black "Kulesza, Andrzej"]
[Result "1-0"]
[WhiteTitle "I+"]
[BlackTitle "I"]
[WhiteElo "1996"]
[BlackElo "1903"]

1. e4 d5 2. exd5 Qxd5 3. Nc3 Qd6 4. d4 Nf6 5. Bd3 c6 6. Nge2 Bg4 7. f3 Bh5 8. Bf4
Qd8 9. Qd2 Nbd7 10. Ne4 Bg6 11. Qe3 Qa5+ 12. b4 Qb6 13. Nd6+ Kd8 14. Bxg6 exd6
15. Bxf7 Be7 16. c3 Rf8 17. Bb3 h6 18. Bg3 a5 19. Nf4 Re8 20. Bf7 Ne5 21. Bxe8
Nxe8 22. Ne6+ Kc8 23. Qe2 axb4 24. dxe5 bxc3 25. exd6 Bxd6 26. Bf2 Qb2 27. Qxb2
cxb2 28. Rb1 Rxa2 29. Bd4 Ba3 30. Kd1 Kd7 31. Nxg7 c5 32. Bc3 Nd6 33. Kc2 c4 34.
Bxb2 b5 35. Rhd1 Kc6 36. Kc1 Rxb2 37. Rxb2 c3 38. Kc2 Bxb2 39. f4 Nc4 40. Rd3
b4 41. Nf5 Kb5 42. Nd6+ Kc5 43. Ne4+ Kb5 44. f5 Ka4 45. Nc5+ Kb5 46. f6 Ne5 47.
Rd5 Nf7 48. Nd3+ Kc4 49. Rc5+ Kd4 50. Rc7 Ng5 51. Nxb2 cxb2 52. f7 Nh7 53. Rc8
Ke3 54. f8=Q Nxf8 55. Rxf8 1-0

[Event "FINAL MISTRZOSTW POLSKI JUNIOROW 2018 - GRUPA  C16"]
[Site "Jastrzebia Gora"]
[Date "1899-12-30"]
[Round "8.12"]
[White "Musial, Tomasz"]
[Black "Mike, Patryk"]
[Result "1/2-1/2"]
[WhiteTitle "I++"]
[BlackTitle "I"]
[WhiteElo "2130"]
[BlackElo "1945"]

1. e4 e5 2. Nf3 Nc6 3. Bb5 a6 4. Ba4 Nf6 5. O-O Be7 6. Re1 b5 7. Bb3 d6 8. c3 O-O
9. h3 Nb8 10. d4 Nbd7 11. c4 Bb7 12. Nc3 c6 13. a3 Re8 14. Ba2 Bf8 15. Qb3 Re7
16. Bg5 h6 17. c5 dxc5 18. dxe5 c4 19. Qc2 hxg5 20. exf6 gxf6 21. Rad1 Qe8 22.
Nd4 Ne5 23. Nf5 Rc7 24. h4 Bc8 25. hxg5 fxg5 26. Qd2 f6 27. b3 cxb3 28. Bxb3+
Be6 29. Bxe6+ Qxe6 30. Ne2 Nc4 31. Qc3 Qe5 32. Ned4 Rh7 33. Qf3 c5 34. Nc2 Qh2+
35. Kf1 Ne5 36. Qg3 Qxg3 37. Nxg3 c4 38. Ne3 Nd3 39. Re2 Bxa3 40. Nd5 Kf7 41.
Rc2 Bd6 42. Nf5 Bc5 43. f3 Rh1+ 44. Ke2 Rh2 45. Kf1 Rah8 46. Rxd3 Rh1+ 47. Ke2
cxd3+ 48. Kxd3 Ba3 49. Rc6 Bb2 50. Rc7+ Kf8 51. Rc8+ Ke8 52. Rc7 Kf7 1/2-1/2

[Event "FINAL MISTRZOSTW POLSKI JUNIOROW 2018 - GRUPA  C16"]
[Site "Jastrzebia Gora"]
[Date "1899-12-30"]
[Round "8.13"]
[White "Rogala, Milosz"]
[Black "Nowak, Mikolaj"]
[Result "0-1"]
[WhiteTitle "II"]
[BlackTitle "I++"]
[WhiteElo "1749"]
[BlackElo "2065"]

1. e4 c6 2. d4 d5 3. Nc3 dxe4 4. Nxe4 Bf5 5. Ng3 Bg6 6. Nh3 Nf6 7. Nf4 Nbd7 8.
Bc4 e5 9. Nxg6 hxg6 10. O-O Bd6 11. f4 exd4 12. Re1+ Kf8 13. Qf3 Qc7 14. Bd2 Nb6
15. Bd3 Nbd5 16. Rf1 Re8 17. Ne4 Nxe4 18. Bxe4 Nf6 19. Bd3 Ke7 20. b4 Kd8 21.
a4 Nd5 22. b5 g5 23. a5 Bxf4 24. Bxf4 Qxf4 25. Qxf4 Nxf4 26. a6 b6 27. bxc6 f6
28. Rad1 Kc7 29. Bb5 Re5 30. Bc4 b5 31. Bd3 Kxc6 32. Rfe1 Rhe8 33. Rxe5 Rxe5 34.
Kf2 Nxd3+ 35. Rxd3 Kc5 36. c3 dxc3 37. Rxc3+ Kb6 38. Ra3 b4 39. Rb3 Kb5 0-1

[Event "FINAL MISTRZOSTW POLSKI JUNIOROW 2018 - GRUPA  C16"]
[Site "Jastrzebia Gora"]
[Date "1899-12-30"]
[Round "8.14"]
[White "Distel, Pawel"]
[Black "Ossolinski, Ziemowit"]
[Result "1/2-1/2"]
[WhiteTitle "I"]
[BlackTitle "I"]
[WhiteElo "1715"]
[BlackElo "1858"]

1. e4 c5 2. Nc3 e6 3. Nf3 Nc6 4. d4 cxd4 5. Nxd4 Nf6 6. Be2 Bb4 7. f3 d5 8. exd5
Nxd5 9. Nxc6 bxc6 10. Bd2 O-O 11. Nxd5 cxd5 12. Bxb4 Qh4+ 13. Kf1 Qxb4 14. Rb1
Bd7 15. c3 Qa5 16. a3 Rab8 17. g3 Rb7 18. Qd2 e5 19. Kg2 Bf5 20. Rbd1 Rd7 21.
c4 Qxd2 22. Rxd2 d4 23. Bd3 Be6 24. Re1 f6 25. f4 Rc7 26. fxe5 fxe5 27. Rxe5 Bxc4
28. Bxc4+ Rxc4 29. Rd5 Rb8 30. R5xd4 Rxd4 31. Rxd4 Rxb2+ 32. Kh3 Rb7 1/2-1/2

[Event "FINAL MISTRZOSTW POLSKI JUNIOROW 2018 - GRUPA  C16"]
[Site "Jastrzebia Gora"]
[Date "1899-12-30"]
[Round "8.15"]
[White "Posluszny, Tomasz"]
[Black "Poziomkowski, Szymon"]
[Result "1-0"]
[WhiteTitle "I+"]
[BlackTitle "I"]
[WhiteElo "1892"]
[BlackElo "1923"]

1. d4 Nf6 2. c4 e6 3. a3 b6 4. Nc3 Bb7 5. Nf3 Be7 6. d5 O-O 7. e4 d6 8. Bd3 e5
9. h3 Nbd7 10. g4 Bc8 11. b4 a5 12. Rb1 Re8 13. Be3 Nf8 14. Qc2 Ng6 15. Ne2 Ba6
16. Kf1 Qd7 17. Nh2 Rf8 18. f3 Ne8 19. Kf2 Nh4 20. Rhg1 g6 21. Ng3 Ng7 22. Bh6
Kh8 23. Qd2 axb4 24. axb4 b5 25. Rgc1 bxc4 26. Bxc4 Bxc4 27. Rxc4 Ra7 28. Qc3
Rfa8 29. Rc1 Bd8 30. Rc6 Ra2+ 31. Rc2 f5 32. Ne2 fxe4 33. Rxa2 Rxa2 34. fxe4 Ne8
35. Nf3 Nf6 36. Qd3 Qf7 37. Kg3 Nxf3 38. Qxf3 Qd7 39. Nc3 Ra3 40. Kg2 Qe8 41.
Bc1 Rb3 42. Rc4 Kg7 43. Qe2 h5 44. g5 Nh7 45. Qc2 Rxc3 46. Qxc3 Nxg5 47. Bxg5
Bxg5 48. Rxc7+ Kh6 49. Qc6 Qf8 50. Qd7 Bd8 51. Qf7 Qh8 52. Rd7 Bf6 53. Rxd6 Qc8
54. Rc6 Qa8 55. Qxf6 Qa2+ 56. Qf2 1-0

[Event "FINAL MISTRZOSTW POLSKI JUNIOROW 2018 - GRUPA  C16"]
[Site "Jastrzebia Gora"]
[Date "1899-12-30"]
[Round "8.16"]
[White "Strzelecki, Maciej"]
[Black "Paliwoda, Borys"]
[Result "0-1"]
[WhiteTitle "I"]
[BlackTitle "I"]
[WhiteElo "1952"]
[BlackElo "1912"]

1. e4 c5 2. Nf3 e6 3. d4 cxd4 4. Nxd4 a6 5. Bd3 Qc7 6. O-O Nf6 7. Qe2 d6 8. f4
Nbd7 9. c4 b6 10. Nc3 Bb7 11. b3 Be7 12. Bb2 O-O 13. Rae1 e5 14. Nf5 Nc5 15. Bb1
Rfe8 16. Nxe7+ Qxe7 17. f5 b5 18. g4 b4 19. Nd5 Nxd5 20. exd5 f6 21. Rf3 Qf7 22.
h4 h6 23. Rg3 Kf8 24. g5 hxg5 25. hxg5 Ke7 26. g6 Qf8 27. Rh3 Kd7 28. Rh7 Qe7
29. Be4 a5 30. Bc1 Rab8 31. Qf3 Rg8 32. Be3 Rgc8 33. Re2 Ba6 34. Reh2 Rg8 35.
Bxc5 dxc5 36. d6 Kxd6 37. Bd5 Bb7 38. Rd2 Bxd5 39. Rxd5+ Kc7 40. Qe3 Kb6 41. Qd2
Kc7 42. a3 Rbd8 43. axb4 axb4 44. Kf2 Ra8 45. Qe3 Kb6 46. Rh1 Rgd8 47. Rhd1 Rxd5
48. Rxd5 Rd8 49. Qe4 Qb7 50. Ke3 Rxd5 51. cxd5 Qa8 52. Qh1 Qa2 53. Qh8 Qxb3+ 54.
Ke2 Qc4+ 55. Kf2 Qd4+ 56. Kg3 Qg1+ 57. Kf3 e4+ 58. Kxe4 Qd4+ 59. Kf3 Qxd5+ 60.
Kg4 Qd4+ 61. Kg3 Qd7 62. Qb8+ Kc6 63. Qa8+ Kb5 64. Qg8 c4 65. Qf7 Qd6+ 66. Kg4
Qd4+ 67. Kg3 Qe3+ 68. Kg2 Qg5+ 69. Kh2 Qh6+ 70. Kg2 b3 71. Qb7+ Ka4 72. Qa6+ Kb4
73. Qb7+ Kc3 74. Qf3+ Kd4 75. Qd1+ Kc5 76. Qg1+ Kb4 77. Qd1 Qg5+ 78. Kh2 Qh4+
79. Kg2 Qe4+ 80. Kg1 Qxf5 81. Qd2+ c3 82. Qd4+ Ka3 83. Qxc3 Qb1+ 84. Kf2 Qc2+
0-1

[Event "FINAL MISTRZOSTW POLSKI JUNIOROW 2018 - GRUPA  C16"]
[Site "Jastrzebia Gora"]
[Date "1899-12-30"]
[Round "8.17"]
[White "Dzwierzynski, Bartosz"]
[Black "Zolkiewski, Jakub"]
[Result "1-0"]
[WhiteTitle "I"]
[BlackTitle "I"]
[WhiteElo "1828"]
[BlackElo "1835"]

1. d4 Nf6 2. c4 g6 3. Nc3 Bg7 4. e4 d6 5. Nf3 O-O 6. Be2 e5 7. O-O Nc6 8. d5 Ne7
9. Ne1 Ne8 10. f3 f5 11. g4 f4 12. Nd3 h5 13. h3 Rf7 14. Rf2 Kh8 15. Rh2 Ng8 16.
Bd2 Bf6 17. Kg2 Rh7 18. c5 Bh4 19. Be1 Qg5 20. Rh1 Bxe1 21. Qxe1 hxg4 22. hxg4
Rxh1 23. Qxh1+ Qh6 24. Qxh6+ Nxh6 25. Rc1 Bd7 26. b4 a6 27. a4 Nf6 28. g5 Nhg4
29. gxf6 Nxf6 30. a5 Kg7 31. Nf2 Rh8 32. Rh1 Rf8 33. b5 axb5 34. Bxb5 dxc5 35.
Bxd7 Nxd7 36. Ng4 Ra8 37. Ra1 Kf7 38. Nb5 Rc8 39. a6 bxa6 40. Rxa6 c4 41. Rc6
c3 42. Rxc3 Ke7 43. d6+ Ke6 44. dxc7 g5 45. Na7 1-0

[Event "FINAL MISTRZOSTW POLSKI JUNIOROW 2018 - GRUPA  C16"]
[Site "Jastrzebia Gora"]
[Date "1899-12-30"]
[Round "8.18"]
[White "Kukorowski, Jan"]
[Black "Iwanczuk, Krzysztof"]
[Result "1-0"]
[WhiteTitle "I"]
[BlackTitle "II+"]
[WhiteElo "1699"]
[BlackElo "1655"]

1. e4 c5 2. Nf3 g6 3. d4 cxd4 4. Qxd4 Nf6 5. Nc3 Nc6 6. Qa4 d6 7. e5 dxe5 8. Nxe5
Qd4 9. Nxc6 Qxa4 10. Nxa4 bxc6 11. Be3 Bg7 12. Be2 Bf5 13. Bf3 Be4 14. Bxe4 Nxe4
15. O-O-O O-O 16. Rd7 Nf6 17. Rb7 Nd5 18. Bxa7 Bd4 19. Bxd4 Rxa4 20. c3 Rxa2 21.
Kc2 Rc8 22. Bc5 e6 23. Ba3 Ra8 24. Kb3 R8xa3+ 25. bxa3 Rxf2 26. a4 c5 27. Ra1
Rf4 28. a5 c4+ 29. Kb2 Rf2+ 30. Ka3 Nxc3 31. a6 Rf5 32. Kb4 Nd5+ 33. Kxc4 Ne3+
34. Kb3 Rd5 35. a7 Rd3+ 36. Kb2 Nc4+ 37. Kc2 Rd8 38. Rb8 Ne3+ 39. Kb3 1-0

[Event "FINAL MISTRZOSTW POLSKI JUNIOROW 2018 - GRUPA  C16"]
[Site "Jastrzebia Gora"]
[Date "1899-12-30"]
[Round "9.1"]
[White "Teclaf, Pawel"]
[Black "Kosakowski, Jakub"]
[Result "1/2-1/2"]
[WhiteTitle "CM"]
[BlackTitle "FM"]
[WhiteElo "2386"]
[BlackElo "2301"]

1. e4 e5 2. Nf3 Nc6 3. Nc3 Nf6 4. Bb5 Bb4 5. O-O O-O 6. d3 Bxc3 7. bxc3 d6 8. Bg5
Bd7 9. Re1 h6 10. Bh4 Ne7 11. Bxd7 Nxd7 12. d4 Qe8 13. Rb1 b6 14. Bg3 Ng6 15.
Qd3 Qe6 16. Qb5 Rfe8 17. Qc6 Rac8 18. Qa4 Nf6 19. Nd2 a5 20. f3 Nh5 21. Nc4 Ngf4
22. Ne3 Qf6 23. Bf2 Ne6 24. Nd5 Qg6 25. Kh1 Nhf4 26. Bg3 Nh5 27. Bf2 Nhf4 28.
Bg3 Nh5 29. Bh4 Nhf4 30. Nxf4 Nxf4 31. Bg3 Ne6 32. Rbd1 Qg5 33. Bf2 h5 34. Be3
Qf6 35. Qc4 h4 36. Rf1 g6 37. Rf2 Nf4 38. Qc6 Red8 39. Kg1 Kg7 40. Rfd2 Ne6 41.
Rf1 Nf4 42. Rfd1 Ne6 43. h3 Qe7 44. Qb5 Qf6 45. dxe5 dxe5 46. Rxd8 Rxd8 47. Rxd8
Nxd8 48. c4 c5 49. Bf2 g5 50. Be3 Kg6 51. Qe8 Kg7 52. Qb5 Kg6 53. Kh2 Qc6 54.
Qb2 f6 55. c3 Nf7 56. Qd2 Qd6 57. Qb2 Qc6 58. Qd2 Nd6 59. Qd3 Kf7 60. Kg1 Ke7
61. Qd5 Qxd5 62. cxd5 Nc4 63. Kf2 Kd6 64. Ke2 b5 65. Kd3 Nb6 66. Bf2 Nd7 67. Kc2
a4 68. Be3 Nb6 69. Kd3 Nc4 70. Bd2 Nb2+ 71. Kc2 Nc4 72. Kd3 Kc7 73. Bc1 Kb6 74.
Be3 Nb2+ 75. Kc2 Nc4 76. Kd3 Nb2+ 77. Kc2 Nc4 78. Bf2 Nd6 79. Kd3 Nf7 80. Bg1
Nh8 81. Bf2 Ng6 82. Be3 Nf4+ 83. Bxf4 gxf4 84. c4 b4 1/2-1/2

[Event "FINAL MISTRZOSTW POLSKI JUNIOROW 2018 - GRUPA  C16"]
[Site "Jastrzebia Gora"]
[Date "1899-12-30"]
[Round "9.2"]
[White "Szpar, Milosz"]
[Black "Pacan-milej, Kosma"]
[Result "1/2-1/2"]
[WhiteTitle "FM"]
[BlackTitle "FM"]
[WhiteElo "2376"]
[BlackElo "2265"]

1. e4 c5 2. Nf3 d6 3. d4 Nf6 4. Nc3 cxd4 5. Nxd4 a6 6. h3 g6 7. g3 Bg7 8. Be3 Nc6
9. Bg2 Bd7 10. O-O O-O 11. Qd2 Rc8 12. Nxc6 Bxc6 13. a4 Nd7 14. Bd4 Qa5 15. Bxg7
Kxg7 16. Qd4+ Qe5 17. Rfd1 Rfe8 18. f4 Qxd4+ 19. Rxd4 Nc5 20. b4 Ne6 21. Rd3 b6
22. a5 bxa5 23. Rxa5 Bb7 24. e5 Bxg2 25. Kxg2 dxe5 26. Rxe5 Rc4 27. Ra5 Rxb4 28.
Nd5 Rc4 29. Ne3 Rc6 30. f5 Nc5 31. Rc3 Rec8 32. Rca3 e6 33. fxe6 fxe6 34. h4 Rd8
35. Rc3 Rdc8 36. Rca3 R8c7 37. Kf3 Rf7+ 38. Kg2 Ne4 39. Rxa6 Rf2+ 40. Kg1 Rxa6
41. Rxa6 Rf3 42. Ng2 Kf6 43. g4 Rg3 44. g5+ Kf5 45. Ra7 Kg4 46. Kh2 e5 47. Ra4
Rh3+ 48. Kg1 Kf5 49. Ra7 Rf3 50. Rxh7 Kg4 51. Ne1 Re3 52. Nd3 Kg3 53. h5 Nd2 54.
hxg6 Nf3+ 55. Kf1 Nd2+ 56. Kg1 e4 57. g7 Nf3+ 58. Kf1 Nd2+ 59. Kg1 Nf3+ 60. Kf1
exd3 61. Rh3+ Kxh3 62. g8=Q Nh2+ 63. Kg1 Re1+ 64. Kf2 Re2+ 65. Kg1 Re1+ 66. Kf2
Re2+ 67. Kg1 Nf3+ 68. Kf1 Nd2+ 69. Kg1 Rg2+ 70. Kh1 Rh2+ 71. Kg1 Rg2+ 72. Kh1
Rh2+ 73. Kg1 Nf3+ 74. Kf1 d2 75. Qh7+ Kg4 76. Qd7+ Kxg5 77. Qg7+ Kf4 78. Qf6+
Ke4 79. Qc6+ Ke3 80. Qc3+ 1/2-1/2